01083nam a2200301 a 4500001001000000003000900010005001700019007000300036008004100039020001500080040002500095082002100120100003000141245009800171260006000269300004300329336002700372337003400399338002800433490003900461504003600500600002000536650005500556650004700611650004900658651004100707700003300748000026372DO-SdBNP20250320095246.0ta081127s2003 dr a 000 0 spa d a9945406000 aDO-SdBNPbspacBNPHU 4a922.9bM425C2221 aCassá, Roberto, d1948-10aOlivorio Mateo :bel profeta de la Maguana /cRoberto Cassá ; ilustraciones Ramiro Manzano. aSanto Domingo :bTobogán,c2003fEditora Alfa & Omega a76 páginas :bilustracione ;c21 cm. atextobtxt2rdacontent asin mediación bn2rdamedia avolumenbnc2rdacarrier0 aBiografías dominicanas Tobogan ; aBibliografía páginas: 75-7614aMateo, Olivorio 0aMovimientos socialeszRepública Dominicana2LEMB aLideres religiososzRepública Dominicana aReligiosidad popularzRepública Dominicana 4aRepública DominicanaxBiografías1 aManzano, Ramiro,eilustrador